000
003090000a22001450004500
003
MACL
040
_a
MACL
090
_c
38677
_d
38675
100
_a
Havell, E B
245
_a
The Ideals of Indian Art
260
_b
John Murray
_c
1911
650
_a
Fine Art
942
_c
BOOK
_k
700/HAV
951
_o
700/HAV BOOK
999
_c
38261
_d
38261